| 000 | 00355nam a2200133Ia 4500 | ||
|---|---|---|---|
| 008 | 240624s9999 xx 000 0 und d | ||
| 041 | _aeng | ||
| 082 | _a658.4 TRA | ||
| 100 | _aTRAUFFLER GASTON | ||
| 245 | _aSUSTAINED INNOVATION MANAGEMENT ASSIMILA | ||
| 260 |
_c2007 _aNew York _bPalgrave Macmillan |
||
| 300 | _axx, 242 p.; 23 cm. | ||
| 365 |
_cERU _b38 |
||
| 999 |
_c31270 _d31270 |
||